000 01057nam a2200265 a 4500
003 EG-GiCUC
005 20250223030004.0
008 091221s1954 ua b f m 000 0 ara d
040 _aEG-GiCUC
_bara
_cEG-GiCUC
041 0 _aara
049 _aايداع
097 _aدكتوراه
099 _aCai01.02.17.Ph.D.1954.سع.م
100 0 _aسعاد ماهر محمد
245 1 2 _aالمنسوجات المصرية فى عصر الانتقال من الفتح الاسلامى وقيام الدولة الفاطمية /
_cسعاد ماهر محمد ؛ اشراف زكى محمد حسن
260 _aالقاهرة :
_bسعاد ماهر محمد :
_c1954
300 _a128ورقة :
_bخرائط؛
_c30سم
502 _aاطروحة (دكتوراه) - جامعة القاهرة - كلية الاداب - قسم الاثار الاسلامية
700 0 _aزكى محمد حسن :
_eمشرف
856 _uhttp://172.23.153.220/th.pdf
902 _a1
905 _aNazla
_eRevisor
905 _aSoheir
_eCataloger
942 _2ddc
_cTH
999 _c25025
_d25025